Normal view
MARC view
Entry Personal Name
001 - CONTROL NUMBER
- control field: 60119
003 - CONTROL NUMBER IDENTIFIER
- control field: OSt
005 - DATE AND TIME OF LATEST TRANSACTION
- control field: 20260421121321.0
008 - FIXED-LENGTH DATA ELEMENTS
- fixed length control field: 260421|| aca||aabn | a|a d
040 ## - CATALOGING SOURCE
- Original cataloging agency: OSt
- Transcribing agency: OSt
100 ## - HEADING--PERSONAL NAME
- Personal name: Jordan, Marty P. and Scott, Jamil S
670 ## - SOURCE DATA FOUND
- Source citation: Work cat.: (OSt): Jordan, Marty P. and Scott, Jamil S , The spread of symbolic policies: Juneteenth, interests, and representation in the U.S. states
